Music Quiz

Random Music Quiz

Metallica Quiz Stats

 Plays Quiz not verified by Sporcle

Also try: Beach Boys Albums
Challenge
Share
Tweet
Embed
Score 0/37 Timer 10:00
0 Plays Today
Hint Answer % Correct
Album released in 1986Master of puppets
79.4%
Singer/ Rhythm guitaristjames hetfield
78.4%
drummerlars ulrich
76.7%
Album released in 1983Kill em all
76.3%
Album released in 1984Ride the lightning
75.9%
Album released in 1988...And justice for all
73.5%
Lead guitar playerKirk Hammett
71.5%
Bassist for the first 3 albums Cliff burton
70.4%
Album released in 1996Load
69.9%
Album released in 1997Reload
68.8%
The original guitaristDave mustaine
68.7%
Album released in 2003St. Anger
67.6%
Bassist who appeared on justice for all.Jason newsted
66.3%
Album released in 2008Death Magnetic
66.3%
CURRENT bassistrobert trujillo
65.1%
The very first bass player who left in 1982 Ron mcgovney
50.1%
the year they formed1981
50.1%
The very first song ever writtenHit The Lights
37.4%
Metallica's producer from 1991-2003Bob Rock
35.9%
Hint Answer % Correct
The instrumental on ..And Justice for allTo Live is to die
35.1%
The year they were inducted into the Rock and Roll hall of fame 2009
34.2%
Metallica opened for him in 1986Ozzy Osbourne
22%
The original name of 'The Four Horsemen' The Mechanix
20.7%
The name of the second track on Death MagneticThe end of the line
15.3%
Dave Mustaine and James Hetfield got in a fist fight in 1982 because Dave accused James of what....Kicking his dog
13.4%
Metallica's producer from 2008- PresentRick Rubin
11.9%
The name of the And justice for all tourDamaged Justice
11.3%
Album Released in 1991The Black Album (Metallica)
9.7%
The name of the Master of Puppets Headline tourDamage Inc. Tour
9.5%
The name of the first Black Album TourWherever We May Roam
9.4%
Metallica filmed the music video for St.Anger in what penitentiarySan Quentin
8.2%
Metallica's producer from 1984-1988Flemming Rasmussen
7.8%
The name of the Kill Em All TourKill em all for one
7.6%
The Name of the St. Anger tourMadly In Anger with the World
6.8%
....The second Black album tourNowhere Else To Roam
6.4%
The name of the Death Magnetic tourWorld magnetic tour
6.1%
The release date of 'Load'June 4 1996
4.5%

You're not logged in!

Compare scores with friends on all Sporcle quizzes.
OR
Log In

You Might Also Like...

Show Comments

Extras

Created Nov 28, 2009ReportNominate
Tags:metallica

Top Quizzes Today


Score Distribution

Your Account Isn't Verified!

In order to create a playlist on Sporcle, you need to verify the email address you used during registration. Go to your Sporcle Settings to finish the process.

Report this User

Report this user for behavior that violates our Community Guidelines.

Details: